Its not what you are eating, its what`s eating you (Record no. 48420)

MARC details
000 -LEADER
fixed length control field 00474nam a2200133 a 4500
008 - FIXED-LENGTH DATA ELEMENTS--GENERAL INFORMATION
fixed length control field 120416s0000 ||||||||||||||||| || u
020 ## - INTERNATIONAL STANDARD BOOK NUMBER
International Standard Book Number 0908311958
050 ## - LIBRARY OF CONGRESS CALL NUMBER
Classification number RA 784 Jac
100 ## - MAIN ENTRY--PERSONAL NAME
Personal name Jackson, Tilly
245 10 - TITLE STATEMENT
Title Its not what you are eating, its what`s eating you
260 ## - PUBLICATION, DISTRIBUTION, ETC.
Place of publication, distribution, etc. Harare
Name of publisher, distributor, etc. Baobab Books
Date of publication, distribution, etc. 1997
350 ## - PRICE (NR) (BK AM CF MU VM SE) [OBSOLETE]
Price 0.00
995 ## - RECOMMENDATION 995 [LOCAL, UNIMARC FRANCE]
-- 0.00
-- CBU-MAIN LIBRARY (Kitwe)
-- 1
-- 11.95
-- DAMAGED
-- Main Library Open Access Collection
Holdings
Withdrawn status Lost status Source of classification or shelving scheme Damaged status Not for loan Home library Current library Shelving location Date acquired Total Checkouts Full call number Barcode Date last seen Price effective from Koha item type
          CBU-MAIN LIBRARY, KITWE. CBU-MAIN LIBRARY, KITWE.   11/30/2022   RA 784 Jac 027607 11/30/2022 11/30/2022 MONOGRAPH